| 000 | 01009nam a22002537a 4500 | ||
|---|---|---|---|
| 001 | 3839 | ||
| 003 | FISKH | ||
| 005 | 20240516095817.0 | ||
| 008 | 240516b cb ||||| |||| 00| 0 eng d | ||
| 020 | _a12345861 | ||
| 040 |
_aFISKH _bkhr _cFISKH _dFISKH |
||
| 050 | _aPZ7 | ||
| 082 | _a512.74 | ||
| 100 | _aPhalkun, Lim | ||
| 245 |
_aគណិតវិទ្យា : _bសម្រាប់ត្រៀមប្រឡងសញ្ញាប័ត្រទុតិយភូមិ / _cរៀបរៀងដោយ លឹម ផល្គុន |
||
| 260 |
_aPhnom Penh : _bBak Touk 2, _c2016. |
||
| 300 |
_a254 pages : _c20 cm |
||
| 520 | _aជាសៀវភៅសម្រាប់ត្រៀមប្រលងសិស្សពូកែ និងសិស្សថ្នាក់12. | ||
| 520 | _aA book for exam preparation for outstanding students and grade 12 student. | ||
| 650 | _aគណិតវិទ្យា | ||
| 650 | _aMathematic | ||
| 942 |
_2ddc _cKHB _n0 |
||
| 999 |
_c3839 _d3839 |
||